000 01128nam a2200313 a 4500
001 ebr10417234
003 CaPaEBR
006 m u
007 cr cn|||||||||
008 101216s2008 ii ad s 000 0 eng d
020 _z9788171338627
020 _z8171338623
040 _aCaPaEBR
_cCaPaEBR
035 _a(OCoLC)664565404
050 1 4 _aQH366.2
_b.M38 2008eb
100 1 _aMathur, Reena.
245 1 0 _aEvolution and behaviour
_h[electronic resource] /
_cMathur, Tomar, Singh.
260 _aMeerut [India] :
_bRastogi Publications,
_c2008.
300 _a279 p. :
_bill.
505 0 _aEvolution -- Animal behaviour.
533 _aElectronic reproduction.
_bPalo Alto, Calif. :
_cebrary,
_d2011.
_nAvailable via World Wide Web.
_nAccess may be limited to ebrary affiliated libraries.
650 0 _aEvolution.
650 0 _aAnimal behavior.
655 7 _aElectronic books.
_2local
700 1 _aTomar, B. S.,
_d1937-
700 1 _aSingh, S. P.
710 2 _aebrary, Inc.
856 4 0 _uhttp://site.ebrary.com/lib/rucke/Doc?id=10417234
_zAn electronic book accessible through the World Wide Web; click to view
999 _c85123
_d85123